| 000 | 00469nam a2200157 a 4500 | ||
|---|---|---|---|
| 001 | 5391 | ||
| 003 | CDMR | ||
| 005 | 20130320111203.0 | ||
| 008 | 130130s2008||||||||||||||||||||||||||||d | ||
| 040 |
_aCDMR _bcat _cCPC GIRONA |
||
| 110 | 1 |
_91064 _aCatalunya _b -- Generalitat |
|
| 245 | 0 |
_aPer Girona, som-hi _b: nous serveis, nous projectes i noves infraestructures a les comarques de Girona |
|
| 260 |
_c2008 _bGeneralitat de Catalunya |
||
| 500 | _aFullet | ||
| 942 |
_cMON _2ddc |
||
| 999 |
_c5391 _d5391 |
||